Capitals of countries that start with I - Statistics

General Stats
  • This quiz has been taken 13 times
  • The average score is 15 of 18
Answer Stats
Hint Answer % Correct
Dublin
92%
Europe Iceland
92%
Asia Iran
92%
Asia Iraq
92%
Europe Ireland
92%
Europe Italy
92%
Reykjavik
92%
Rome
92%
Asia India
85%
Asia Indonesia
85%
New Delhi
85%
Baghdad
77%
Jerusalem
77%
Tehran
77%
Africa Côte d'Ivoire(Ivory Coast)
69%
Asia Israel
69%
Jakarta
69%
Yamoussoukro
54%
No matching quizzes found
Score Distribution
Percent of People with Each Score
Percentile by Number Answered
Your Score History
You have not taken this quiz